[Event "FIDE World Blitz 2014"]
[Site "Dubai UAE"]
[Date "2014.06.19"]
[Round "5.29"]
[White "Najer, Evgeniy"]
[Black "Gundavaa, Bayarsaikhan"]
[Result "0-1"]
[WhiteTitle "GM"]
[BlackTitle "GM"]
[WhiteElo "2653"]
[BlackElo "2501"]
[WhiteFideId "4118987"]
[BlackFideId "4901045"]
[EventDate "2014.06.19"]

1. e4 c5 2. Nf3 Nc6 3. Bb5 d6 4. c3 Nf6 5. Qe2 Bd7 6. d4 a6 7. Bxc6 Bxc6 8. d5
Bd7 9. c4 e5 10. dxe6 Bxe6 11. Nc3 Be7 12. Bf4 O-O 13. O-O Qc7 14. Rfd1 Rfe8 15.
h3 Rad8 16. b3 h6 17. Qc2 Nd7 18. Nd5 Bxd5 19. Rxd5 Nf6 20. Rd2 Bf8 21. Re1 Qc6
22. Rde2 Re6 23. Nd2 Rde8 24. Bg3 Nd7 25. Nb1 Nb8 26. Nc3 Qd7 27. Rd2 Nc6 28. f3
b5 29. Red1 bxc4 30. bxc4 Nd4 31. Qa4 Qc8 32. Bf2 Rg6 33. Kh2 Nc6 34. Nd5 Ne5
35. Rb1 h5 36. Rb6 a5 37. Qb5 a4 38. Rb7 Rd8 39. Nf4 Rh6 40. Rc2 h4 41. Be3 Rf6
42. Nd5 Nxf3+ 43. Kh1 Rg6 44. Rc7 Qe6 45. Nf4 Qxe4 46. Nxg6 Qxc2 47. gxf3 Qxg6
48. Qxa4 Qg3 49. Qd1 Qxh3+ 50. Kg1 Qg3+ 51. Kh1 h3 52. Qf1 Re8 53. Bd2 d5 54.
Rd7 dxc4 55. Rd5 c3 56. Bxc3 Re3 57. Bd2 Rxf3 58. Qg1 Qxg1+ 59. Kxg1 Ra3 60. Bf4
f6 61. Rd2 g5 62. Bc7 g4 63. Kh2 Bh6 64. Rf2 Kg7 65. Bd6 Ra5 66. Rc2 Kg6 67. Kg3
f5 68. Bxc5 Kh5 69. Bg1 Ra3+ 70. Kh2 Bf4+ 71. Kh1 g3 72. Bc5 g2+ 73. Kg1 Rf3 74.
Rf2 Rxf2 75. Bxf2 Kg4 76. a4 Kf3 0-1

[Event "FIDE World Blitz 2014"]
[Site "Dubai UAE"]
[Date "2014.06.19"]
[Round "5.30"]
[White "Caruana, Fabiano"]
[Black "Fier, Alexandr"]
[Result "1-0"]
[WhiteTitle "GM"]
[BlackTitle "GM"]
[WhiteElo "2791"]
[BlackElo "2580"]
[WhiteFideId "2020009"]
[BlackFideId "2107139"]
[EventDate "2014.06.19"]

1. Nf3 Nf6 2. g3 g6 3. Bg2 Bg7 4. O-O O-O 5. c4 d6 6. b3 e5 7. Bb2 e4 8. Nd4 Re8
9. Nc3 Nbd7 10. Qc2 Qe7 11. Rae1 c6 12. b4 d5 13. cxd5 cxd5 14. a3 Nb6 15. d3
Bd7 16. Rd1 e3 17. f4 Rac8 18. Qb3 h5 19. h4 Kh7 20. Rc1 a6 21. a4 Ng4 22. Nxd5
Nxd5 23. Bxd5 Qd6 24. Bxf7 Bxd4 25. Bxd4 Qxd4 26. Bxe8 Rxe8 27. Qf7+ Qg7 28.
Qxg7+ Kxg7 29. Rc7 Nf6 30. Rfc1 b5 31. a5 Re6 32. Ra7 Rd6 33. Rcc7 Kf8 34. Rcb7
Rd4 35. Rxa6 Ke7 36. Kg2 Rxb4 37. Rxf6 Kxf6 38. Rxd7 Ra4 39. Rd6+ Kf7 40. a6 b4
41. Kf3 b3 42. Rb6 b2 43. Rxb2 Rxa6 44. Kxe3 Kf6 45. Kf3 Rd6 46. Rb3 Rd7 47. e4
Rc7 48. Rb6+ Kg7 49. e5 Rc1 50. d4 Re1 51. d5 Kf7 52. d6 Ke6 53. Rb7 Rd1 54.
Re7+ Kf5 55. Rf7+ Ke6 56. Rf6+ Kd5 57. d7 Rd3+ 58. Ke2 Ke4 59. Rd6 1-0

[Event "FIDE World Blitz 2014"]
[Site "Dubai UAE"]
[Date "2014.06.19"]
[Round "5.31"]
[White "Moiseenko, Alexander"]
[Black "Savchenko, Boris"]
[Result "0-1"]
[WhiteTitle "GM"]
[BlackTitle "GM"]
[WhiteElo "2707"]
[BlackElo "2581"]
[WhiteFideId "14102560"]
[BlackFideId "4147332"]
[EventDate "2014.06.19"]

1. d4 Nf6 2. c4 e6 3. Nf3 c5 4. d5 b5 5. Bg5 b4 6. e4 d6 7. a3 Be7 8. Nbd2 O-O
9. axb4 cxb4 10. dxe6 fxe6 11. Bd3 Nbd7 12. O-O a5 13. Qe2 Ng4 14. Nd4 Bxg5 15.
Nxe6 Qf6 16. Qxg4 Bxd2 17. Nxf8 Nxf8 18. Qe2 Bf4 19. b3 Ne6 20. Ra2 Nd4 21. Qd1
Qh6 22. g3 Bh3 23. Bb1 Bd2 24. e5 Re8 25. Be4 Bc3 26. Bd5+ Kh8 27. Rxa5 dxe5 28.
Re1 Bxe1 29. Qxe1 e4 30. Kh1 Nf3 31. Qa1 Qf6 32. Bxe4 Qxa1+ 33. Rxa1 Nd2 34. Bg2
Bf5 35. Rd1 Nxb3 36. h3 h6 37. g4 Bc2 38. Rd6 Nc5 39. Rc6 b3 40. Rxc5 b2 41. Rb5
b1=Q+ 0-1

[Event "FIDE World Blitz 2014"]
[Site "Dubai UAE"]
[Date "2014.06.19"]
[Round "5.32"]
[White "Adly, Ahmed"]
[Black "Zhigalko, Sergei"]
[Result "1-0"]
[WhiteTitle "GM"]
[BlackTitle "GM"]
[WhiteElo "2594"]
[BlackElo "2678"]
[WhiteFideId "10601619"]
[BlackFideId "13502956"]
[EventDate "2014.06.19"]

1. d4 Nf6 2. Nf3 e6 3. e3 b6 4. Bd3 Bb7 5. O-O d5 6. c4 Bd6 7. Nc3 O-O 8. Ne5 c5
9. f4 Nc6 10. cxd5 exd5 11. Ne2 Ne4 12. Bxe4 dxe4 13. Ng3 Ne7 14. Qg4 f5 15. Qe2
cxd4 16. exd4 Nd5 17. Bd2 Qe7 18. Rac1 Qe6 19. Rc2 Rac8 20. Rfc1 Rxc2 21. Rxc2
Rc8 22. Rxc8+ Qxc8 23. b3 Qc2 24. Nxf5 Nxf4 25. Qg4 Bxe5 26. dxe5 Ng6 27. Nd6
Bd5 28. Qc8+ Qxc8 29. Nxc8 Kf7 30. Bc3 Nf4 31. Kf2 e3+ 32. Kxe3 Nxg2+ 33. Kd4
Nf4 34. Bd2 Be6 35. Nd6+ 1-0

[Event "FIDE World Blitz 2014"]
[Site "Dubai UAE"]
[Date "2014.06.19"]
[Round "5.33"]
[White "Yudin, Sergei"]
[Black "Mchedlishvili, Mikheil"]
[Result "1-0"]
[WhiteTitle "GM"]
[BlackTitle "GM"]
[WhiteElo "2546"]
[BlackElo "2632"]
[WhiteFideId "4159659"]
[BlackFideId "13600966"]
[EventDate "2014.06.19"]

1. e4 c5 2. Nf3 e6 3. b3 a6 4. Bb2 Nc6 5. g3 Qc7 6. Bg2 Nf6 7. e5 Ng4 8. Qe2 Be7
9. h3 Nh6 10. Nc3 Nf5 11. O-O Nfd4 12. Nxd4 cxd4 13. Nb1 O-O 14. Re1 b5 15. c3
dxc3 16. dxc3 Bb7 17. Nd2 Na5 18. Bxb7 Nxb7 19. c4 Qb6 20. Ne4 Nc5 21. Bd4 bxc4
22. Rac1 Qb5 23. Nf6+ Kh8 24. Qh5 gxf6 25. exf6 Bd6 26. a4 Qa5 27. Re4 Nxb3 28.
Qh6 Rg8 29. Be5 Qxe5 30. Rxe5 Bxe5 31. Rxc4 Rg6 32. Qe3 Bxf6 33. Qxb3 d5 34. Rc7
Kg7 35. Qb7 Rf8 36. Rc6 Bd4 37. Qb4 Be5 38. Rxa6 Rc8 39. Qe1 Bd4 40. Qd2 Be5 41.
Qe3 Bf6 42. Ra7 Kg8 43. a5 Rc3 44. Qf4 h5 45. Qb8+ Kg7 46. Qb7 Kh6 47. Qxf7 Bg7
48. Qf4+ Kh7 49. Qe5 Rc1+ 50. Kg2 Kh6 51. Rxg7 1-0

[Event "FIDE World Blitz 2014"]
[Site "Dubai UAE"]
[Date "2014.06.19"]
[Round "5.34"]
[White "Moradiabadi, Elshan"]
[Black "Safarli, Eltaj"]
[Result "1/2-1/2"]
[WhiteTitle "GM"]
[BlackTitle "GM"]
[WhiteElo "2586"]
[BlackElo "2649"]
[WhiteFideId "12501255"]
[BlackFideId "13402129"]
[EventDate "2014.06.19"]

1. d4 Nf6 2. Nf3 g6 3. g3 Bg7 4. Bg2 O-O 5. O-O d5 6. Bg5 c5 7. c3 cxd4 8. cxd4
Nc6 9. Bxf6 Bxf6 10. Nc3 Bg4 11. e3 Qd7 12. Rc1 Rad8 13. Qb3 Bxf3 14. Bxf3 e6
15. Rfd1 Na5 16. Qa4 Nc4 17. b3 Qxa4 18. Nxa4 Nd6 19. Nc5 b6 20. Na6 Rc8 21. Kf1
Nb5 22. a4 Nc3 23. Rd3 Ne4 24. Rxc8 Rxc8 25. Bxe4 dxe4 26. Rd2 Rc3 27. Rb2 Be7
28. Ke2 Ba3 29. Rb1 Rc2+ 30. Kf1 Kg7 31. b4 Bb2 32. b5 Ba3 33. Rb3 Bd6 34. Nb4
Rc4 35. Nc6 Rxa4 36. Kg2 h5 37. h3 Kf6 38. Rb2 g5 39. g4 hxg4 40. hxg4 a5 41.
bxa6 Rxa6 42. Rb5 Bc7 43. d5 Ra2 44. dxe6 fxe6 45. Rb4 Rc2 46. Nd4 Rc5 47. Ne2
Ke5 48. Ng3 Rc2 49. Nxe4 Kd5 50. Rd4+ Kc6 51. Nxg5 e5 52. Rd1 b5 53. Ne6 Bb6 54.
Kf3 e4+ 55. Kxe4 Rxf2 56. Rc1+ Kd6 57. Nd4 Bxd4 58. exd4 Re2+ 59. Kf3 Rd2 60.
Rb1 Rxd4 61. Rxb5 Ke6 1/2-1/2

[Event "FIDE World Blitz 2014"]
[Site "Dubai UAE"]
[Date "2014.06.19"]
[Round "5.35"]
[White "Ghaem Maghami, Ehsan"]
[Black "Inarkiev, Ernesto"]
[Result "1-0"]
[WhiteTitle "GM"]
[BlackTitle "GM"]
[WhiteElo "2582"]
[BlackElo "2682"]
[WhiteFideId "12500739"]
[BlackFideId "4162722"]
[EventDate "2014.06.19"]

1. e4 e5 2. Nf3 Nc6 3. Bb5 a6 4. Ba4 Nf6 5. d3 b5 6. Bb3 Bc5 7. O-O O-O 8. a4 b4
9. Be3 Bxe3 10. fxe3 a5 11. Nbd2 d6 12. Qe1 Be6 13. Bc4 Bxc4 14. Nxc4 Ne7 15.
Nh4 Nd7 16. b3 g6 17. Qg3 Kh8 18. Rf3 Ng8 19. Raf1 Qe7 20. Qh3 Kg7 21. Rg3 Qe6
22. Nf5+ Kh8 23. Nh4 Qxh3 24. Rxh3 Kg7 25. Rg3 Kh8 26. Rgf3 Kg7 27. Rg3 f6 28.
Rgf3 Nb6 29. Nd2 c6 30. R3f2 d5 31. Nhf3 Rad8 32. g4 h6 33. h4 Rde8 34. g5 hxg5
35. hxg5 f5 36. exf5 Rxf5 37. e4 Rf4 38. Nh2 Rxf2 39. Rxf2 Nd7 40. Ng4 Nc5 41.
exd5 cxd5 42. Re2 e4 43. dxe4 Nxe4 44. Nf2 Nd6 45. Rxe8 Nxe8 46. Nf3 Ne7 47. Nd3
Nc7 48. Nc5 Nc6 49. Kf2 Kf7 50. Ke3 Ke7 51. Nd4 Ne5 52. Nb7 Nd7 53. Nxa5 Kd6 54.
Nb7+ Ke7 55. a5 Na6 56. Kf4 Kf7 57. Nd6+ Ke7 58. Nc8+ Kf7 59. Nb6 Ndc5 60. Nxd5
Nb7 61. Nc6 Ke6 62. Ndxb4 Nxb4 63. Nxb4 Nxa5 64. Nd3 Nc6 65. Ke4 Ne7 66. c4 Nf5
67. Nf4+ Kf7 68. c5 Ne7 69. b4 Nc6 70. b5 Na5 71. c6 Nc4 72. Kd5 Nb6+ 73. Kd4
Na4 74. Ke4 1-0

[Event "FIDE World Blitz 2014"]
[Site "Dubai UAE"]
[Date "2014.06.19"]
[Round "5.36"]
[White "Breckenridge, Steven James"]
[Black "Nielsen, Peter Heine"]
[Result "1/2-1/2"]
[WhiteTitle "FM"]
[BlackTitle "GM"]
[WhiteElo "2299"]
[BlackElo "2654"]
[WhiteFideId "2043700"]
[BlackFideId "1400355"]
[EventDate "2014.06.19"]

1. e4 c5 2. c3 Nf6 3. e5 Nd5 4. d4 cxd4 5. Nf3 e6 6. Bc4 Nb6 7. Bb3 d6 8. cxd4
dxe5 9. Nxe5 Nc6 10. Qf3 Nxe5 11. dxe5 Bb4+ 12. Nc3 O-O 13. Qg3 Qc7 14. O-O f5
15. Nb5 Qf7 16. Bf4 Bd7 17. Nd4 Bc5 18. Rfd1 Bxd4 19. Rxd4 Bc6 20. Rad1 Nd5 21.
Bxd5 Bxd5 22. Bg5 Qg6 23. Rh4 h6 24. Be3 Qxg3 25. hxg3 Rfc8 26. Rb4 b6 27. a4
Rc2 28. Ra1 Rac8 29. a5 R8c4 30. Rxc4 Rxc4 31. axb6 axb6 32. Bxb6 Rb4 33. Bc5
Rxb2 34. Rc1 Kf7 35. Bd6 Rb7 36. Rc7+ Rxc7 37. Bxc7 1/2-1/2

[Event "FIDE World Blitz 2014"]
[Site "Dubai UAE"]
[Date "2014.06.19"]
[Round "5.37"]
[White "Laznicka, Viktor"]
[Black "Michalik, Peter"]
[Result "1/2-1/2"]
[WhiteTitle "GM"]
[BlackTitle "GM"]
[WhiteElo "2679"]
[BlackElo "2557"]
[WhiteFideId "316385"]
[BlackFideId "14907526"]
[EventDate "2014.06.19"]

1. c4 c6 2. Nf3 d5 3. d4 e6 4. Nbd2 Nf6 5. e3 Nbd7 6. b3 b6 7. Bb2 Bb7 8. Bd3
Bd6 9. O-O O-O 10. Qe2 c5 11. cxd5 exd5 12. Ba6 Qc8 13. Bxb7 Qxb7 14. Rfd1 Rfe8
15. Qd3 Bf8 16. Qf5 g6 17. Qd3 Bg7 18. dxc5 bxc5 19. Rac1 Rac8 20. Rc2 a5 21.
Rdc1 Ra8 22. a4 Qa6 23. Ne1 Qb7 24. Qf1 Ne4 25. Bxg7 Kxg7 26. Nxe4 dxe4 27. Rc3
Rab8 28. Qe2 Re6 29. Nc2 Rb6 30. Na3 Rxb3 31. Nb5 Rxc3 32. Rxc3 Qd5 33. h3 Nb6
34. Qc2 c4 35. Ra3 Rd8 36. Qc3+ Kg8 37. Qxa5 Qc5 38. Ra1 Ra8 39. Qc3 Rxa4 40.
Rd1 Ra8 41. Nd4 Nd5 42. Qc2 Nf6 43. Qc3 Ra3 44. Qb2 c3 45. Qb8+ Kg7 46. Qb7 Qc4
47. Qe7 c2 48. Rc1 Rc3 49. Qe5 Qc5 50. Qxc5 Rxc5 51. Rxc2 Rxc2 52. Nxc2 Nd5 1/2-1/2

[Event "FIDE World Blitz 2014"]
[Site "Dubai UAE"]
[Date "2014.06.19"]
[Round "5.39"]
[White "Karjakin, Sergey"]
[Black "Shyam, Sundar M."]
[Result "1-0"]
[WhiteTitle "GM"]
[BlackTitle "GM"]
[WhiteElo "2771"]
[BlackElo "2468"]
[WhiteFideId "14109603"]
[BlackFideId "5019141"]
[EventDate "2014.06.19"]

1. e4 c6 2. d4 d5 3. e5 Bf5 4. Nf3 e6 5. Nbd2 Nd7 6. Nb3 Ne7 7. Be2 Nc8 8. O-O
Be7 9. a4 O-O 10. a5 a6 11. Ne1 c5 12. Nxc5 Nxc5 13. dxc5 Bxc5 14. Bd3 Bg6 15.
Bxg6 hxg6 16. Nd3 Be7 17. g3 Na7 18. h4 Rc8 19. Be3 Nb5 20. Bb6 Qd7 21. c3 Rc4
22. Qf3 Rfc8 23. Rfd1 Bd8 24. Bxd8 Qxd8 25. Nf4 Re4 26. Qxe4 dxe4 27. Rxd8+ Rxd8
28. Re1 Rd2 29. Re2 e3 30. fxe3 Rd1+ 31. Kf2 Ra1 32. Rd2 Rxa5 33. Rd8+ Kh7 34.
Nh3 f6 35. exf6 gxf6 36. Rd7+ Kh6 37. g4 g5 38. hxg5+ fxg5 39. c4 Na7 40. Rxb7
Nc6 41. b3 Kg6 42. Rb6 Nd8 43. Kf3 Kf6 44. Nf2 Nf7 45. Ne4+ Ke5 46. b4 Ra1 47.
Nc5 Nd8 48. Nd7# 1-0

[Event "FIDE World Blitz 2014"]
[Site "Dubai UAE"]
[Date "2014.06.19"]
[Round "5.40"]
[White "Salgado Lopez, Ivan"]
[Black "Ipatov, Alexander"]
[Result "1-0"]
[WhiteTitle "GM"]
[BlackTitle "GM"]
[WhiteElo "2622"]
[BlackElo "2613"]
[WhiteFideId "2257327"]
[BlackFideId "14116731"]
[EventDate "2014.06.19"]

1. e4 e5 2. Nf3 Nf6 3. Nc3 Bb4 4. Nxe5 O-O 5. Nd3 Bxc3 6. dxc3 Nxe4 7. Be2 d5 8.
O-O c6 9. Nf4 Nd6 10. Bd3 Bf5 11. Qf3 Be4 12. Qg3 Qf6 13. Nh5 Qg6 14. Bf4 Nf5
15. Qxg6 hxg6 16. Bxe4 dxe4 17. Ng3 Nxg3 18. hxg3 Nd7 19. g4 Nf6 20. g5 Nd5 21.
Bg3 Rad8 22. Rfe1 Rfe8 23. Rad1 b5 24. Rd4 f5 25. gxf6 Nxf6 26. Bc7 Rxd4 27.
cxd4 Nd5 28. Be5 Nf6 29. Kf1 Kf7 30. Ke2 Ke6 31. Rh1 Kd5 32. c3 a5 33. Rh3 c5
34. Rg3 Nh5 35. Rg5 cxd4 36. Bxd4+ Kc6 37. Rxg6+ Kd7 38. g3 Re6 39. Rg5 Nf6 40.
Bxf6 gxf6 41. Rxb5 Ra6 42. a4 Ke6 43. Ke3 f5 1-0

[Event "FIDE World Blitz 2014"]
[Site "Dubai UAE"]
[Date "2014.06.19"]
[Round "5.41"]
[White "Jobava, Baadur"]
[Black "Sandipan, Chanda"]
[Result "1-0"]
[WhiteTitle "GM"]
[BlackTitle "GM"]
[WhiteElo "2713"]
[BlackElo "2594"]
[WhiteFideId "13601520"]
[BlackFideId "5004225"]
[EventDate "2014.06.19"]

1. d4 f5 2. Nc3 Nf6 3. Bg5 d5 4. e3 e6 5. h4 Be7 6. Nh3 O-O 7. Qd2 Ne4 8. Nxe4
dxe4 9. O-O-O Nd7 10. Nf4 Nf6 11. Bc4 Qd6 12. Qa5 h6 13. Qxf5 Nd5 14. Qxe4 Bxg5
15. Nxd5 1-0

[Event "FIDE World Blitz 2014"]
[Site "Dubai UAE"]
[Date "2014.06.19"]
[Round "5.43"]
[White "Ringoir, Tanguy"]
[Black "Durarbayli, Vasif"]
[Result "1-0"]
[WhiteTitle "IM"]
[BlackTitle "GM"]
[WhiteElo "2506"]
[BlackElo "2590"]
[WhiteFideId "208027"]
[BlackFideId "13402935"]
[EventDate "2014.06.19"]

1. d4 Nf6 2. c4 e6 3. Nc3 Bb4 4. Qc2 d5 5. a3 Bxc3+ 6. Qxc3 Ne4 7. Qc2 c5 8.
dxc5 Nc6 9. e3 Qa5+ 10. Bd2 Nxd2 11. Qxd2 dxc4 12. Qxa5 Nxa5 13. Rc1 b5 14. cxb6
Bb7 15. bxa7 Rxa7 16. Nf3 Ke7 17. Nd2 Rc8 18. f3 Ba6 19. Rc2 Rb8 20. Ne4 Rb3 21.
Nc5 Rxe3+ 22. Kf2 Re5 23. Nxa6 Rxa6 24. Bxc4 Rb6 25. Ba2 Nc6 26. Rd1 g5 27. Kg3
Kf6 28. Rd6 Nb4 29. Rxb6 Nxc2 30. Bc4 Ne3 31. Bd3 Nd5 32. Rb5 Re3 33. Bc4 Nf4
34. Kf2 Re5 35. Rxe5 Kxe5 36. g3 Ng6 37. Ke3 Kd6 38. b4 Ne5 39. Bd3 f5 40. Be2
Kd5 41. f4 gxf4+ 42. gxf4 Ng6 43. a4 e5 44. fxe5 Kxe5 45. a5 f4+ 46. Kf3 Ne7 47.
b5 Nf5 48. a6 Nd4+ 49. Kg4 h5+ 50. Kxh5 Nxe2 51. a7 f3 52. a8=Q Kf4 53. b6 f2
54. Qg2 Ke3 55. Qxf2+ Kxf2 56. b7 Kf3 57. b8=Q Nf4+ 58. Kg5 Ne2 59. h4 1-0

[Event "FIDE World Blitz 2014"]
[Site "Dubai UAE"]
[Date "2014.06.19"]
[Round "5.44"]
[White "Maletin, Pavel"]
[Black "Debashis, Das"]
[Result "0-1"]
[WhiteTitle "GM"]
[BlackTitle "GM"]
[WhiteElo "2588"]
[BlackElo "2484"]
[WhiteFideId "4146786"]
[BlackFideId "5024854"]
[EventDate "2014.06.19"]

1. c4 Nf6 2. g3 e6 3. Bg2 d5 4. Nf3 Be7 5. O-O O-O 6. d4 dxc4 7. Qa4 a6 8. Qxc4
b5 9. Qc2 Bb7 10. Bd2 Bd6 11. a3 Nbd7 12. b4 Ra7 13. Nc3 Qa8 14. Rfe1 Ne4 15.
Nh4 Ndf6 16. Nxe4 Nxe4 17. Be3 Bd5 18. f3 Nf6 19. Bd2 Bc4 20. e4 e5 21. Be3 a5
22. f4 exf4 23. e5 Nd5 24. Bxf4 Be7 25. Nf5 Qd8 26. Qd2 axb4 27. Bxd5 Bxd5 28.
axb4 Rxa1 29. Rxa1 Qd7 30. Qd3 Re8 31. Nxe7+ Rxe7 32. Qe2 Re8 33. Qf2 Bb7 34. h4
Qd5 35. Kh2 h6 36. Rc1 Re7 37. Rc5 Qh1# 0-1

[Event "FIDE World Blitz 2014"]
[Site "Dubai UAE"]
[Date "2014.06.19"]
[Round "5.45"]
[White "Ganguly, Surya Shekhar"]
[Black "Nezad, Husein Aziz"]
[Result "1-0"]
[WhiteTitle "GM"]
[BlackTitle "IM"]
[WhiteElo "2619"]
[BlackElo "2365"]
[WhiteFideId "5002150"]
[BlackFideId "12100293"]
[EventDate "2014.06.19"]

1. e4 e5 2. Nf3 Nc6 3. Bb5 a6 4. Ba4 Nf6 5. O-O b5 6. Bb3 Bc5 7. a4 Rb8 8. c3 d6
9. d4 Bb6 10. axb5 axb5 11. Na3 O-O 12. Nxb5 Bg4 13. Bc2 exd4 14. Nbxd4 Nxd4 15.
cxd4 Bxf3 16. gxf3 Nh5 17. f4 Qh4 18. Ra3 Nxf4 19. Rg3 Qf6 20. Qf3 Ng6 21. Qxf6
gxf6 22. Bh6 Rfe8 23. Rd1 c5 24. h4 cxd4 25. h5 Bc5 26. b3 Rec8 27. hxg6 hxg6
28. Kg2 Ra8 29. Bd3 Ra2 30. Bc4 d3 31. Be3 Bxe3 32. Rxe3 d2 33. Rd3 Rc5 34.
R3xd2 Ra8 35. Rxd6 Kg7 36. Rd7 1-0

[Event "FIDE World Blitz 2014"]
[Site "Dubai UAE"]
[Date "2014.06.19"]
[Round "5.46"]
[White "Aleksandrov, Aleksej"]
[Black "Hilwani, Talal"]
[Result "0-1"]
[WhiteTitle "GM"]
[WhiteElo "2554"]
[BlackElo "2274"]
[WhiteFideId "13500139"]
[BlackFideId "7600410"]
[EventDate "2014.06.19"]

1. d4 d5 2. c4 c6 3. Nf3 Nf6 4. e3 a6 5. Bd3 dxc4 6. Bxc4 b5 7. Bd3 Nbd7 8. e4
e6 9. Bg5 h6 10. Bh4 Qb6 11. O-O c5 12. a4 c4 13. Bc2 Bb7 14. axb5 axb5 15.
Rxa8+ Bxa8 16. d5 Bc5 17. dxe6 Qxe6 18. Nc3 Bc6 19. e5 Nd5 20. Ne4 O-O 21. Nxc5
Nxc5 22. Nd4 Qc8 23. Qf3 Nb4 24. Nxc6 Qxc6 25. Qxc6 Nxc6 26. Rd1 Ne6 27. Be4
Nxe5 28. Rd5 Ng6 29. Bg3 b4 30. h4 Rc8 31. Bf5 Ne7 32. Bxe6 fxe6 33. Rd1 Nd5 34.
Rc1 c3 35. bxc3 Rxc3 36. Rb1 b3 37. Be5 Rd3 38. Kf1 Kf7 39. Ke2 Rc3 40. Kd2 Rc2+
41. Kd3 Rxf2 42. Rxb3 Rxg2 43. Rb7+ Kg8 44. h5 Rg5 45. Ke4 Nf6+ 46. Bxf6 gxf6
47. Re7 Re5+ 48. Kf4 Kf8 49. Rh7 Rxh5 50. Kg4 Rg5+ 51. Kf4 h5 52. Ra7 Rd5 53.
Rh7 Kg8 54. Re7 Re5 55. Kg3 Kf8 56. Ra7 Rg5+ 57. Kh4 Rg7 58. Ra8+ Kf7 59. Kxh5
Rh7+ 60. Kg4 Rh1 61. Ra6 Rf1 62. Rb6 Rf2 63. Ra6 Re2 64. Kh5 Re5+ 65. Kh6 Rg5
66. Ra7+ Kf8 67. Rb7 Rg1 68. Rc7 Ke8 69. Ra7 e5 70. Kh5 Rg5+ 71. Kh4 e4 72. Ra4
Re5 73. Kg3 e3 74. Ra1 e2 75. Re1 Kf7 76. Kg4 Ke6 77. Kf4 Kd5 78. Kf3 Kd4 79.
Kf2 Kd3 80. Ra1 Rf5+ 81. Kg3 Rf1 82. Ra3+ Kd4 83. Ra4+ Kc5 84. Re4 e1=Q+ 0-1

[Event "FIDE World Blitz 2014"]
[Site "Dubai UAE"]
[Date "2014.06.19"]
[Round "5.47"]
[White "Othman, A. Moussa"]
[Black "Al-Modiahki, Mohamad"]
[Result "1/2-1/2"]
[WhiteTitle "FM"]
[BlackTitle "GM"]
[WhiteElo "2275"]
[BlackElo "2549"]
[WhiteFideId "9300155"]
[BlackFideId "12100030"]
[EventDate "2014.06.19"]

1. Nf3 Nf6 2. g3 g6 3. Bg2 Bg7 4. O-O O-O 5. d3 d6 6. Nbd2 c5 7. c4 Nc6 8. Rb1
Bd7 9. a3 a5 10. b3 Ne8 11. Ne1 Nc7 12. Nc2 b5 13. b4 axb4 14. axb4 bxc4 15.
Nxc4 cxb4 16. Nxb4 Nxb4 17. Rxb4 Ra1 18. Qc2 Ne6 19. Bb2 Rxf1+ 20. Bxf1 Nd4 21.
Qb1 Nc6 22. Rb7 Bc8 23. Rb5 Ba6 24. Rb6 Bxc4 25. Rxc6 Bd5 26. Bxg7 Kxg7 27. Qb2+
Kg8 28. Rb6 Qc7 29. Bg2 Bxg2 30. Kxg2 Rc8 31. Rb7 Qc6+ 32. Kg1 Qc1+ 33. Qxc1
Rxc1+ 34. Kg2 e6 35. Rd7 d5 36. Kf3 Kg7 37. h4 h5 38. e3 Rc2 39. d4 Ra2 40. Rb7
Kf6 41. Rc7 Ra8 42. Rb7 Rf8 43. Kf4 Ra8 44. Rc7 Ra2 45. Kf3 Rb2 46. Ra7 Rc2 47.
Rb7 1/2-1/2

[Event "FIDE World Blitz 2014"]
[Site "Dubai UAE"]
[Date "2014.06.19"]
[Round "5.48"]
[White "Salem, A.R. Saleh"]
[Black "Taleb, Moussa"]
[Result "1-0"]
[WhiteTitle "GM"]
[BlackTitle "GM"]
[WhiteElo "2581"]
[BlackElo "2406"]
[WhiteFideId "9301348"]
[BlackFideId "9300201"]
[EventDate "2014.06.19"]

1. d4 Nf6 2. c4 e6 3. Nf3 b6 4. g3 Bb7 5. Bg2 Qc8 6. O-O Be7 7. Nc3 Bb4 8. Bd2
Bxc3 9. Bxc3 Be4 10. d5 Qd8 11. Rc1 c6 12. Nh4 Bxg2 13. Nxg2 O-O 14. Nf4 c5 15.
f3 Re8 16. e4 e5 17. Ng2 d6 18. Ne3 g6 19. Qd3 Nbd7 20. Rce1 a6 21. b3 b5 22.
Ng2 bxc4 23. bxc4 Rb8 24. f4 Nh5 25. Qf3 f6 26. f5 Ng7 27. fxg6 hxg6 28. Nh4 Nf8
29. Qxf6 Qxf6 30. Rxf6 Nh5 31. Rxd6 1-0

[Event "FIDE World Blitz 2014"]
[Site "Dubai UAE"]
[Date "2014.06.19"]
[Round "5.49"]
[White "Glek, Igor"]
[Black "Omar, Noaman"]
[Result "1-0"]
[WhiteTitle "GM"]
[BlackTitle "IM"]
[WhiteElo "2438"]
[BlackElo "2366"]
[WhiteFideId "4100484"]
[BlackFideId "9300244"]
[EventDate "2014.06.19"]

1. e4 c6 2. d4 d5 3. e5 Bf5 4. Nd2 e6 5. Nb3 h6 6. Nf3 Nd7 7. Be2 Ne7 8. O-O Qc7
9. a4 g5 10. c4 Bg7 11. a5 a6 12. Bd2 dxc4 13. Bxc4 Nd5 14. Bxd5 cxd5 15. Rc1
Qd8 16. Bb4 Bf8 17. Qd2 Be4 18. Ne1 Be7 19. f3 Bg6 20. Bxe7 Qxe7 21. Rc7 Qd8 22.
Rxb7 O-O 23. Nd3 Qc8 24. Ndc5 Nxc5 25. Nxc5 Rb8 26. Rxb8 Qxb8 27. Nd7 Qb5 28.
Nxf8 Kxf8 29. Rc1 Kg7 30. h4 gxh4 31. Qf4 h3 32. Qf6+ Kh7 33. Rc8 1-0

[Event "FIDE World Blitz 2014"]
[Site "Dubai UAE"]
[Date "2014.06.19"]
[Round "5.50"]
[White "AlHuwar, Jasem"]
[Black "Vahidov, Tair"]
[Result "0-1"]
[WhiteTitle "FM"]
[BlackTitle "GM"]
[WhiteElo "2277"]
[BlackElo "2446"]
[WhiteFideId "9300465"]
[BlackFideId "14200155"]
[EventDate "2014.06.19"]

1. Nf3 d5 2. g3 g6 3. Bg2 Bg7 4. O-O e5 5. d3 Nc6 6. c4 dxc4 7. dxc4 Qxd1 8.
Rxd1 Be6 9. Na3 Nge7 10. Ng5 Bg4 11. Nb5 Rc8 12. f3 Bf5 13. g4 Be6 14. Nxe6 fxe6
15. Be3 a6 16. Nc3 Nd4 17. Bxd4 exd4 18. Ne4 b6 19. Ng5 Bh6 20. h4 Bxg5 21. hxg5
e5 22. Kf2 O-O 23. e4 c5 24. Bf1 Nc6 25. Bd3 Nd8 26. Kg3 Ne6 27. Rf1 Rf4 28. Rf2
Rcf8 29. Raf1 Nxg5 30. Bc2 Kg7 31. Ba4 h5 32. gxh5 gxh5 33. Bd7 h4+ 34. Kh2 Rxf3
35. Rxf3 Rxf3 36. Rg1 Kh6 37. Bf5 Rf4 0-1

[Event "FIDE World Blitz 2014"]
[Site "Dubai UAE"]
[Date "2014.06.19"]
[Round "5.51"]
[White "Vakhidov, Jahongir"]
[Black "Faisal, Abdulla"]
[Result "1-0"]
[WhiteTitle "IM"]
[BlackTitle "CM"]
[WhiteElo "2471"]
[BlackElo "2270"]
[WhiteFideId "14201801"]
[BlackFideId "9301232"]
[EventDate "2014.06.19"]

1. Nf3 Nf6 2. d4 e6 3. e3 b6 4. Bd3 Bb7 5. Nbd2 c5 6. O-O Be7 7. b3 O-O 8. Bb2
d5 9. Ne5 Nc6 10. a3 Nxe5 11. dxe5 Nd7 12. f4 f5 13. c4 Qe8 14. Qc2 Rd8 15. cxd5
Bxd5 16. e4 fxe4 17. Bxe4 Bxe4 18. Nxe4 Qg6 19. Qe2 Nb8 20. Rf3 Kh8 21. Rg3 Qf5
22. Rf1 Nc6 23. Rgf3 Nd4 24. Bxd4 Rxd4 25. Ng3 Qg4 26. h3 Qh4 27. f5 c4 28. fxe6
Rxf3 29. Qxf3 Rd8 30. Nf5 Bc5+ 31. Kh1 Qg5 32. b4 Bf8 33. Nd6 1-0